| 000 | 00394nam a22001457a 4500 | ||
|---|---|---|---|
| 005 | 20200603154144.0 | ||
| 008 | 200603b xxu||||| |||| 00| 0 eng d | ||
| 082 | _a345.4 AIR | ||
| 110 |
_aThe All Iindia reporter _95760 |
||
| 245 | _aThe All Iindia reporter 1987(V-74) DELHI Section | ||
| 260 |
_aBOMBAY _bThe All Iindia reporter LtD. |
||
| 300 | _a96p. | ||
| 650 |
_aLAW _95701 |
||
| 942 | _cJRL | ||
| 999 |
_c6782 _d6780 |
||